Rubberthaikalude apakwakaala paricharanangal (Record no. 75875)

MARC details
000 -LEADER
fixed length control field 00267nam a22001097a 4500
100 ## - MAIN ENTRY--AUTHOR NAME
Personal name Rani Jose
245 ## - TITLE STATEMENT
Title Rubberthaikalude apakwakaala paricharanangal
260 ## - PUBLICATION, DISTRIBUTION, ETC. (IMPRINT)
Name of publisher Rubber, 716(January): 23-25.
Year of publication 2026
300 ## - PHYSICAL DESCRIPTION
Other physical details Malayalam
942 ## - ADDED ENTRY ELEMENTS (KOHA)
Koha item type Journals
Holdings
Withdrawn status Lost status Damaged status Not for loan Home library Current library Date acquired Koha item type
        RRII Library RRII Library 10/03/2026 Journals